عرض عادي
عرض مارك
- المسجد الحرام
مدخل مصطلح موضوعي
001 - رقم الضبط
- حقل الضبط: 65051
003 - معرف رقم الضبط
- حقل الضبط: OSt
005 - تاريخ ووقت أخر عملية
- حقل الضبط: 20181217172201.0
008 - عناصر بيانات ثابتة الطول
- حقل تحكم ثابت الطول: 181217|| aca||aabn | a|a d
040 ## - مصدر الفهرسة
- هيئة الفهرسة الأصلية: OSt
- وكالة الكتابة: OSt
150 ## - مدخل-- مصطلح تاريخي
- عنصر مدخل المصطلح الموضوعي او الاسم الجغرافي: المسجد الحرام
670 ## - بيانات المصدر موجوده
- الاستشهاد بالمصدر: Work cat.: (OSt)75193: زمان، إسحاق محمد 65046, أنوار تتلألأ من الحرمين الشريفين :, 2017
